| 000 | 00612nam a22002177a 4500 | ||
|---|---|---|---|
| 999 |
_c6195 _d6195 |
||
| 003 | OSt | ||
| 005 | 20200222112051.0 | ||
| 008 | 190410b xxu||||| |||| 00| 0 eng d | ||
| 020 | _a0716735954 | ||
| 040 | _cDDC | ||
| 082 | _2540 JON 2000 | ||
| 100 |
_aJones, Loretta; Atkins, Peter _911220 |
||
| 245 |
_aChemistry: _bmolecules, matter,and change |
||
| 250 | _a4th ed | ||
| 260 |
_aNew York _bW.H freeman and Company. _c2000. |
||
| 300 |
_a998p; _bcol,ill; _c27cm. |
||
| 504 | _aincludes,appendix,Glossary and answers,index. | ||
| 650 |
_aChemistry. _9797 |
||
| 650 |
_aMolecules _98508 |
||
| 942 |
_2ddc _cO_SHELF |
||